The birds of Arizona, (Record no. 921)

MARC details
000 -LEADER
fixed length control field 00540nam a22002051 4500
005 - DATE AND TIME OF LATEST TRANSACTION
control field 20260322212039.0
008 - FIXED-LENGTH DATA ELEMENTS--GENERAL INFORMATION
fixed length control field data
010 ## - LIBRARY OF CONGRESS CONTROL NUMBER
LC control number 64017265
040 ## - CATALOGING SOURCE
Original cataloging agency DLC/ICU
Transcribing agency ICU
Modifying agency DLC
043 ## - GEOGRAPHIC AREA CODE
Geographic area code n-us-az
050 00 - LIBRARY OF CONGRESS CALL NUMBER
Classification number QL684.A6
Item number P5
082 00 - DEWEY DECIMAL CLASSIFICATION NUMBER
Classification number 598.29791
092 ## - LOCALLY ASSIGNED DEWEY CALL NUMBER (OCLC)
Classification number 598.297 P5 1964
001 - CONTROL NUMBER
control field data
100 1# - MAIN ENTRY--PERSONAL NAME
Personal name Phillips, Allan R.
245 14 - TITLE STATEMENT
Title The birds of Arizona,
Statement of responsibility, etc. Allan R. Phillips.
260 ## - PUBLICATION, DISTRIBUTION, ETC.
Place of publication, distribution, etc. Tucson,
Name of publisher, distributor, etc. University of Arizona Press,
Date of publication, distribution, etc. 1964.
300 ## - PHYSICAL DESCRIPTION
Extent xviii, 212 p.
Other physical details illus., maps, col. plates.
Dimensions 32 cm.
650 #0 - SUBJECT ADDED ENTRY--TOPICAL TERM
Topical term or geographic name entry element Birds
Geographic subdivision Arizona.
Holdings
Withdrawn status Lost status Damaged status Not for loan Home library Current library Shelving location Date acquired Total checkouts Full call number Barcode Date last seen Price effective from Koha item type
        Fairview Fairview General stacks 22/03/2026   598.29791 BC0010951 22/03/2026 22/03/2026 Books